header

Mill (Record no. 170667)

MARC details
000 -LEADER
fixed length control field 01403nam a2200385Ia 4500
082 04 - DEWEY DECIMAL CLASSIFICATION NUMBER
Classification number 192
100 1# - MAIN ENTRY--AUTHOR NAME
Personal name Donner, Wendy,
245 10 - TITLE STATEMENT
Title Mill
260 ## - PUBLICATION, DISTRIBUTION, ETC. (IMPRINT)
Place of publication Chichester, West Sussex, U.K. :
Name of publisher Wiley-Blackwell,
Year of publication 2009.
300 ## - PHYSICAL DESCRIPTION
Number of Pages ix, 212 p.
490 1# - SERIES STATEMENT
Series statement Blackwell great minds ;
650 #0 - SUBJECT ADDED ENTRY--TOPICAL TERM
Topical Term Philosophy.
700 1# - ADDED ENTRY--PERSONAL NAME
Personal name Fumerton, Richard A.,
856 40 - ELECTRONIC LOCATION AND ACCESS
Uniform Resource Identifier http://site.ebrary.com/lib/rucke/Doc?id=10301435

No items available.

© 2026 Rongo University
Contact us: librarian | system librarian | Rongo university